000 00970cam a2200253 4500
001 ABS62178
008 000000n2000 000 0 eng u
035 _a(Sirsi) u105694
100 _aBrown, D.
245 _aTop of the shops
260 _c2000
490 _aEstates Gazette
_v(0015) 5 April 2000, 64-66(3)
520 _aAccording to the Experian's second "Retail Centre Ranking" survey new retail schemes are having a powerful effect on the relative strengths of UK centres as measured by its vitality scoring system. Explains how 'vitality' rank is determined. Lists top 20 retail centres. Compares the impact of Bluewater and Trafford Centre on their region.
590 _aABS
650 _aSHOPPING CENTRES
650 _aRANKING
650 _aLEAGUE TABLE
650 _aRETAIL OUTLET
650 _aBLUEWATER
650 _aTRAFFORD CENTRE
650 _aCLOTHING RETAILERS
690 _aPROPERTY-COMMERCIAL PROPERTY-RETAIL PROPERTY
942 _n0
999 _c63299
_d63299